50 Best Footballers (Soccer Players) of 2021 - Statistics

General Stats
  • This quiz has been taken 5,069 times
  • The average score is 39 of 50
Answer Stats
Position Club Country Answer % Correct
2 Paris Saint-Germain Argentina Lionel Messi
100%
5 Paris Saint-Germain France Kylian Mbappe
99%
4 Paris Saint-Germain Brazil Neymar
99%
10 Manchester United Portugal Cristiano Ronaldo
98%
6 Tottenham Hotspur England Harry Kane
98%
7 Borussia Dortmund Norway Erling Haaland
97%
1 Manchester City Belgium Kevin De Bruyne
97%
14 Liverpool Egypt Mohammed Salah
95%
3 Bayern Munich Poland Robert Lewandowski
95%
8 Manchester United Portugal Bruno Fernandes
90%
25 Tottenham Hotspur South Korea Son Hueng-Min
89%
15 Real Madrid France Karim Benzema
88%
11 Bayern Munich Germany Thomas Muller
86%
39 Real Madrid Croatia Luka Modric
85%
17 Manchester City Algeria Riyad Mahrez
84%
26 Liverpool Netherlands Virgil van Dijk
84%
9 Chelsea Belgium Romelu Lukaku
83%
29 Bayern Munich Canada Alphonso Davies
81%
42 Paris Saint-Germain Morocco Ashraf Hakimi
81%
28 Manchester City Portugal Bernardo Silva
81%
47 Liverpool Senegal Sadio Mane
81%
50 AC Milan Sweden Zlatan Ibrahimovic
81%
13 Bayern Munich Germany Joshua Kimmich
79%
23 Bayern Munich Germany Manuel Neuer
79%
18 Manchester City Portugal Ruben Dias
78%
35 Athletico Madrid France Antoine Griezmann
77%
12 Athletico Madrid Slovakia Jan Oblak
77%
46 Real Madrid Germany Toni Kroos
76%
27 Chelsea France N'golo Kante
75%
30 Manchester City England Phil Foden
75%
37 Real Madrid Belgium Thibaut Courtois
74%
34 Liverpool Scotland Andy Robertson
73%
38 Barcelona Netherlands Frenkie De Jong
73%
33 Manchester United England Marcus Rashford
73%
20 Manchester City Germany Ilkay Gundogan
72%
21 Manchester City Brazil Ederson
69%
41 Manchester United France Paul Pogba
69%
31 Liverpool England Trent Alexander-Arnold
69%
22 Manchester City Portugal Joao Cancelo
67%
44 Paris Saint-Germain Brazil Marquinhos
64%
49 Manchester City England John Stones
63%
24 Bayern Munich Germany Serge Gnabry
63%
36 Manchester United France Rafael Varane
62%
43 Paris Saint-Germain Spain Sergio Ramos
62%
48 Paris Saint-Germain Italy Marco Veratti
61%
16 Bayern Munich Germany Leon Goretzka
60%
45 Manchester City England Jack Grealish
58%
32 Manchester City England Raheem Sterling
58%
40 Chelsea England Mason Mount
57%
19 Manchester United England Jadon Sancho
50%
No matching quizzes found
Score Distribution
Percent of People with Each Score
Percentile by Number Answered
Your Score History
You have not taken this quiz